Psychology research handbook : (Record no. 48612)

MARC details
000 -LEADER
fixed length control field 00540nam a2200193Ia 4500
005 - DATE AND TIME OF LATEST TRANSACTION
control field 20260122095523.0
008 - FIXED-LENGTH DATA ELEMENTS--GENERAL INFORMATION
fixed length control field 260121s9999||||xx |||||||||||||| ||und||
020 ## - INTERNATIONAL STANDARD BOOK NUMBER
International Standard Book Number 9781452217673
082 ## - DEWEY DECIMAL CLASSIFICATION NUMBER
Classification number 150.72
Item number LEO
100 ## - MAIN ENTRY--PERSONAL NAME
Personal name Leong, Frederick T. L.
245 #0 - TITLE STATEMENT
Title Psychology research handbook :
Remainder of title a guide for graduate students and research assistants /
250 ## - EDITION STATEMENT
Edition statement 3rd ed.
260 ## - PUBLICATION, DISTRIBUTION, ETC. (IMPRINT)
Place of publication, distribution, etc United Kingdom :
Name of publisher, distributor, etc Sage,
Date of publication, distribution, etc 2024.
300 ## - PHYSICAL DESCRIPTION
Extent xxvii, 731 p.; pbk
650 ## - SUBJECT ADDED ENTRY--TOPICAL TERM
Topical term or geographic name as entry element Planning
650 ## - SUBJECT ADDED ENTRY--TOPICAL TERM
Topical term or geographic name as entry element Psychology
650 ## - SUBJECT ADDED ENTRY--TOPICAL TERM
Topical term or geographic name as entry element Research
942 ## - ADDED ENTRY ELEMENTS (KOHA)
Koha item type Text Books
Holdings
Date last seen Total Checkouts Full call number Barcode Date checked out Price effective from Koha item type Lost status Damaged status Not for loan Collection code Withdrawn status Home library Current library Shelving location Date acquired Source of acquisition
16/04/2026 1 150.72 LEO 55002 20/03/2026 22/01/2026 Text Books       Non-fiction   CUTN Central Library CUTN Central Library Philosophy & psychology 22/01/2026 Technical Buearu, New Delhi - Invoice No. - TB4434 on 07-03-2025